Kinh dịch diễn giải T.1 : Đạo lý mưu cầu tồn tại và phát triển /

Là một tác phẩm triết học lớn, ẩn tàng nhiều điều huyền diệu, bao gồm nhiều tri thức tinh tuý sâu xa, được xem là đứng đầu trong mọi loại Kinh sách xuất hiện ở thời Cổ Đại Trung Quốc.

সংরক্ষণ করুন:
গ্রন্থ-পঞ্জীর বিবরন
প্রধান লেখক: Trần Trọng Sâm.
বিন্যাস: গ্রন্থ
ভাষা:Vietnamese
প্রকাশিত: Hà Nội : Văn học, 2000.
বিষয়গুলি:
ট্যাগগুলো: ট্যাগ যুক্ত করুন
কোনো ট্যাগ নেই, প্রথমজন হিসাবে ট্যাগ করুন!
Thư viện lưu trữ: Mạng thư viện Đại học Đà Nẵng
LEADER 01202cam a2200361 i 4500
001 000042340
003 214
005 20041104140421.0
008 010217b2000 vm 000 vie
020 |c 72000 
022 |a T 
040 |a IRC  |c IRC  |d IRC 
041 0 |a vie 
082 1 4 |a 181.11  |b TR-S 
100 1 |a Trần Trọng Sâm. 
245 1 0 |a Kinh dịch diễn giải  |n T.1 :  |p Đạo lý mưu cầu tồn tại và phát triển /  |c Trần Trọng Sâm. 
260 |a Hà Nội :  |b Văn học,  |c 2000. 
300 |a 786 tr. ;  |c 20,5 cm. 
520 3 |a Là một tác phẩm triết học lớn, ẩn tàng nhiều điều huyền diệu, bao gồm nhiều tri thức tinh tuý sâu xa, được xem là đứng đầu trong mọi loại Kinh sách xuất hiện ở thời Cổ Đại Trung Quốc. 
630 0 4 |a Triết học. 
630 0 4 |a Kinh dịch diễn giải. 
650 0 4 |a Kinh dịch diễn giải. 
650 0 4 |a Triết học cổ đại. 
OWN |a DUT 
999 |a From the UDN01 
TYP |a Monograph 
TYP |a Printed language 
980 |a Mạng thư viện Đại học Đà Nẵng